| 000 | 00407nam a22001337a 4500 | ||
|---|---|---|---|
| 008 | 161026b xxu||||| |||| 00| 0 eng d | ||
| 050 | _aREF BX 841.V5 1965 | ||
| 100 |
_aQuin, Mabel _927026 |
||
| 245 |
_aVirtue's catholic encyclopedia _c/ Mabel Quin |
||
| 260 |
_aLondon _bVirtue & Company _c1965 |
||
| 300 |
_axv,344p.; _c25cm. |
||
| 650 |
_aCatholic church _xDictionaries _927027 |
||
| 942 |
_2lcc _cMONOGRAPH |
||
| 999 |
_c125585 _d125585 |
||